|
|
|
|
| LEADER |
00000nam a22000005a 4500 |
| 001 |
vtls010280517 |
| 003 |
SK-MaSNL |
| 005 |
20260301031803.0 |
| 008 |
201207s2011 xo a g 000 0 slo |
| 015 |
|
|
|a SNBA2011/09-04909
|
| 020 |
|
|
|a 9788097064402
|q (brož.)
|
| 035 |
|
|
|a 021D3F8E-511E-440A-A325-26D7FBD8DE17
|
| 035 |
|
|
|a urn:nbn:sk:snk-am3ibdo
|
| 035 |
|
|
|a urn:nbn:sk:snk-am00e0ug
|
| 040 |
|
|
|a SNK
|b slo
|c SNK
|e AACR2
|
| 041 |
1 |
|
|a slo
|h pol
|
| 044 |
|
|
|a xo
|c SK
|
| 072 |
|
7 |
|a 27-1/-2
|x Kresťanská teológia. Dogmatická teológia
|2 konspekt
|
| 080 |
|
|
|a 27-14
|2 2001
|
| 080 |
|
|
|a 27-144.82
|2 2001
|
| 080 |
|
|
|a 27-184
|2 2001
|
| 080 |
|
|
|a 27-423.79
|2 2001
|
| 080 |
|
|
|a 27-4
|2 2001
|
| 080 |
|
|
|a (0:82-97)
|2 2001
|
| 245 |
0 |
0 |
|a Boh bohatý na milosrdenstvo
|b rozjímania a modlitby k Božiemu milosrdenstvu
|c [pripravili: P. Vojtech Kubacki, M. Alžbeta Siepak ; preklad: Artur Ciepielski]
|
| 250 |
|
|
|a 1. vyd.
|
| 260 |
|
|
|a Stará Ľubovňa
|b Salamon Vladislav SALI - FOTO
|c 2011
|
| 300 |
|
|
|a 421 s.
|b ilustr.
|c 15 cm
|
| 500 |
|
|
|a Pravdepodobne prel. z poľšťiny
|
| 600 |
0 |
7 |
|a Faustína,
|c svätá,
|d 1905-1938
|2 SNKMA
|9 157865
|
| 650 |
0 |
7 |
|a Boh
|2 SNKPH
|9 2070
|
| 650 |
0 |
7 |
|a God
|2 SNKPHeng
|9 284040
|
| 650 |
0 |
7 |
|a Graciousness of God
|2 SNKPHeng
|9 323697
|
| 650 |
0 |
7 |
|a Božie milosrdenstvo
|2 SNKPH
|9 78604
|
| 650 |
0 |
7 |
|a Relations between God and man
|2 SNKPHeng
|9 303193
|
| 650 |
0 |
7 |
|a Boh a človek
|2 SNKPH
|9 1711
|
| 650 |
0 |
7 |
|a kresťanská láska
|2 SNKPH
|9 4352
|
| 650 |
0 |
7 |
|a Charity
|2 SNKPHeng
|9 314873
|
| 650 |
0 |
7 |
|a kresťanský život
|2 SNKPH
|9 1808
|
| 650 |
0 |
7 |
|a Christian life
|2 SNKPHeng
|9 265582
|
| 650 |
0 |
7 |
|a rozjímanie
|2 SNKPH
|9 2010
|
| 650 |
0 |
7 |
|a Contemplation
|2 SNKPHeng
|9 313680
|
| 655 |
|
7 |
|a modlitby
|2 SNKPH
|9 70550
|
| 655 |
|
7 |
|a Prayers
|2 SNKPHeng
|9 291214
|
| 700 |
1 |
|
|a Siepak, Elżbieta
|4 com
|9 327892
|
| 700 |
1 |
|
|a Kubacki, Vojtech
|4 com
|9 327893
|
| 700 |
1 |
|
|a Ciepielski, Artur
|4 trl
|9 327894
|
| 919 |
|
|
|a 978-80-970644-0-2
|
| 958 |
|
|
|a OP
|
| 958 |
|
|
|a NT
|
| 968 |
|
|
|b POL
|d 2
|
| 999 |
|
|
|c 577307
|d 579237
|
| 952 |
|
|
|a SNK
|b SNK
|y PREZ
|7 0
|p 17A0703592
|o snkSE 12199
|i snk2011/11882
|8 0
|0 0
|1 0
|4 0
|d 2011-05-23
|f 1
|l 0
|r 2026-02-23 14:37:53
|w 2026-02-23
|
| 952 |
|
|
|a SNK
|b SNK
|y VYP
|7 0
|p 17A0703595
|o snkSE 12199 D1
|i snk2011/11883
|8 0
|0 0
|1 0
|4 0
|d 2011-05-23
|l 0
|r 2026-02-23 14:37:53
|w 2026-02-23
|